000 00351nam a22001337a 4500
005 20250710183012.0
008 250710b |||||||| |||| 00| 0 eng d
050 _aBT75
_b.2 BAU
100 _aBAUM GREGORY
245 _aMAN BECOMING GOD IN SECULAR EXPERIENCE
260 _aNEW YORK
_bHERDER AND HERDER
_cc1970
300 _axiv,285p
942 _2lcc
_cBK
_n0
999 _c6914
_d6914